000 01130nam0a22002651 4500
001 v19\rc\1295096
005 20250618015438.0
035 _a(NLR Aleph) 004441861
090 _a4413845
_c4413845
100 _a20060306d1861 |||y0rusy50 ca
101 0 _arus
102 _aRU
105 _ay z |||||
200 1 _aО половом отправлении с присовокуплением подробного описания радикального лечения полового бессилия, являющегося вследствие поллюций, онанизма, невоздерженности, некоторых болезней и многих других причин
_f[Соч.] д-ра Рубо
210 _aСанкт-Петербург
_cтип. Э. Веймара
_d1861
215 _a[2], IV, 174 с.
_d18
700 1 _aРубо
_bА.Ф.
_f1820-1878
_gАлександр Феликс
801 0 _aRU
_bNLR
_gpsbo
801 0 _aRU
_bRuMoRGB
_2psbo
801 1 _aRU
_bProSoft-M
_2rusmarc
852 _aNLR
_j18.12.2.30
899 _aRuMoRGB
_jS 17/104
899 _aБАН
942 _cBOOK
980 _aNB